000
00316nam a2200121 a 4500
005
20140414131928.0
008
101027s19uu xx 00 eng d
050
_a
ER
_b
R22 1990
100
_a
Teitelbaum, Michael
245
_a
The rescuers down under.
260
_a
New York :
_b
Golden Book,
_c
1990.
999
_c
112141
_d
112141